000 01244cam a2200349 a 4500
001 29728
003 BD-RjUL
005 20211209051442.0
008 140407s1964 nyuh 001 0 eng
020 _a1568210582 (softcover)
035 _a(BD-RjUL)29813
040 _aDLC
_cDLC
_dDLC
_dBD-RjUL
_beng
041 1 _aeng
_hfre
082 0 0 _a616.89162
_220
_bBEH 1964
100 1 _aBernheim, H.
_q(Hippolyte),
_d1840-1919.
_990520
245 1 0 _aHypnosis & suggestion in psychotherapy :
_ba treatise on the nature and uses of hypnotism /
_cby H. Bernheim and translated by Christian A. Herter.
250 _aTraslated from the 2nd rev. ed.
260 _aNew York :
_bUniversity Books,
_cc1964.
300 _axvi, 428 p. :
_bill. ;
_c24 cm.
500 _aOrigiginal title: Suggestive therapeutics.
500 _aIncludes index.
650 0 _aTherapeutics, Suggestive.
_940695
650 0 _aHypnotism
_xTherapeutic use.
_94348
650 2 _aHypnosis.
_989386
650 2 _aPsychotherapy.
_990521
650 2 _aSuggestion.
_987517
740 0 _aHypnosis and suggestion in psychotherapy.
942 _2ddc
_cBK
999 _c29728
_d29728